Countries of Bundesliga Players - Statistics

General Stats
  • This quiz has been taken 292 times
  • The average score is 15 of 19
Answer Stats
Number Country % Correct
229 Germany
98%
22 France
96%
31 Austria
92%
8 Spain
91%
17 Switzerland
89%
16 Brazil
87%
16 Netherlands
84%
8 Poland
83%
7 Argentina
80%
8 Sweden
80%
5 Denmark
79%
5 Belgium
78%
5 Norway
74%
10 United States
71%
7 Japan
66%
6 Serbia
64%
8 Croatia
63%
8 Turkey
60%
7 Czechia
57%
No matching quizzes found
Score Distribution
Percent of People with Each Score
Percentile by Number Answered
Your Score History
You have not taken this quiz